Người cầm súng. Mở rừng. Thời xa vắng Tập truyện ngắn. Tiểu thuyết

সংরক্ষণ করুন:
গ্রন্থ-পঞ্জীর বিবরন
প্রধান লেখক: Lê, Lựu
বিন্যাস: গ্রন্থ
ভাষা:English
প্রকাশিত: Hà Nội Hội Nhà văn 2015
মালা:Tác phẩm văn học được giải thưởng Nhà nước
বিষয়গুলি:
ট্যাগগুলো: ট্যাগ যুক্ত করুন
কোনো ট্যাগ নেই, প্রথমজন হিসাবে ট্যাগ করুন!
Thư viện lưu trữ: Trung tâm Học liệu Lê Vũ Hùng, Trường Đại học Đồng Tháp
LEADER 00984pam a22002658a 4500
001 00042002
008 170505s1996 ||||||engsd
005 20180810140832.0
020 # # |a 9786045337301 
041 0 # |a Vie 
082 0 4 |b NG558C  |a 895.922 334 
100 1 # |a Lê, Lựu 
245 1 0 |b Tập truyện ngắn. Tiểu thuyết  |c Lê Lựu  |a Người cầm súng. Mở rừng. Thời xa vắng 
260 # # |a Hà Nội  |b Hội Nhà văn  |c 2015 
300 # # |a 1119 tr.  |c 21 cm  |b ảnh 
490 # # |a Tác phẩm văn học được giải thưởng Nhà nước 
653 # # |a Giải thưởng 
653 # # |a Tiểu thuyết 
653 # # |a Truyện ngắn 
653 # # |a Tác phẩm 
653 # # |a Việt Nam 
653 # # |a Văn học hiện đại 
852 # # |j KM.0025954  |j KD.0024040  |j KM.0025453  |j KM.0026061 
910 |d 10/08/2018 
980 # # |a Trung tâm Học liệu Lê Vũ Hùng, Trường Đại học Đồng Tháp